| 000 | 00570nam a2200205Ia 4500 | ||
|---|---|---|---|
| 003 | OSt | ||
| 005 | 20220713155949.0 | ||
| 008 | 210716s2004 xx 000 0 und d | ||
| 040 | _cAIMIT LIBRARY | ||
| 041 | _aeng | ||
| 082 |
_a511.8 _21 _bVASC |
||
| 100 |
_aVasudev C. _948833 |
||
| 245 |
_aDiscrete mathematical structures / _cBy C Vasudev |
||
| 250 | _a1st ed. | ||
| 260 |
_aBangalore : _bSubhas Stores , _c2004. |
||
| 300 |
_a251p. ; _c24 cm. |
||
| 650 |
_aFundamentals of logic _948834 |
||
| 650 |
_aBasic connective _948835 |
||
| 942 |
_2ddc _cBK _e1st _k511.8 VASC |
||
| 999 |
_c186300 _d186300 |
||